Statistics for Global Cities Extreme

Click here to take the quiz!

General Stats

  • This quiz has been taken 2,104 times
    (2,093 since last reset)
  • The average score is 137 of 210

Answer Stats

CategoryAnswer% Correct
New York
98%
Alpha ++London
96%
Paris
95%
Tokyo
95%
Alpha +Beijing
94%
Berlin
93%
Los Angeles
93%
Madrid
93%
Moscow
93%
Rome
92%
Shanghai
92%
Barcelona
91%
Cairo
91%
Rio de Janeiro
91%
Chicago
90%
Milan
90%
New Delhi
90%
AlphaSydney
90%
Amsterdam
89%
Istanbul
89%
Miami
89%
Oslo
89%
Seoul
89%
Stockholm
89%
Toronto
89%
Hong Kong
88%
Jakarta
88%
Mumbai
88%
San Francisco
88%
Buenos Aires
87%
Dallas
87%
Houston
87%
Lisbon
87%
Singapore
87%
Athens
86%
Boston
86%
Cape Town
86%
Copenhagen
86%
Dubai
86%
Melbourne
86%
Munich
86%
Osaka
86%
Seattle
86%
Brussels
85%
Alpha -Dublin
85%
Helsinki
85%
Mexico City
85%
Santiago
85%
Vancouver
85%
Vienna
85%
Bogota
84%
Budapest
84%
Lima
84%
Manchester
84%
Warsaw
84%
Washington, D.C.
84%
Bangkok
83%
Johannesburg
83%
Sao Paulo
83%
Zurich
83%
Ankara
82%
Bucharest
82%
Hamburg
82%
Lagos
82%
Montreal
82%
St. Petersburg
82%
Frankfurt
81%
Beta +Prague
81%
Kiev
80%
Manila
80%
Perth
80%
Riyadh
80%
Marseille
79%
Tel Aviv
79%
Guangzhou
78%
Hanoi
78%
Kuala Lumpur
78%
Lyon
78%
Philadelphia
78%
Atlanta
77%
Glasgow
77%
Kolkata
77%
Taipei
77%
Caracas
76%
Dhaka
76%
Karachi
76%
San Diego
76%
Abu Dhabi
75%
Auckland
75%
Birmingham
75%
Denver
74%
Detroit
74%
Edinburgh
73%
Geneva
73%
Ho Chi Minh City
73%
Sofia
73%
Belgrade
72%
Rotterdam
72%
Brisbane
71%
Porto
71%
San Jose
71%
Zagreb
71%
Cologne
70%
Minsk
70%
GammaPhoenix
70%
Austin
69%
Casablanca
69%
Panama City
69%
Quito
69%
Riga
69%
Wellington
69%
BetaDoha
68%
Orlando
68%
Wuhan
67%
Chennai
66%
Lahore
66%
Tallinn
66%
Bratislava
65%
Bangalore
64%
Islamabad
64%
Tunis
64%
Adelaide
63%
Dusseldorf
63%
Kuwait City
63%
Vilnius
63%
Xian
63%
Guadalajara
62%
Turin
62%
Minneapolis
61%
Tampa Bay
61%
Valencia
61%
Beirut
60%
Dakar
60%
Guatemala
60%
Montevideo
60%
Stuttgart
60%
Hyderabad
59%
Antwerp
58%
Leeds
58%
Chengdu
57%
Muscat
56%
Belfast
55%
Cleveland
55%
Jeddah
55%
Accra
54%
Baltimore
54%
Baku
53%
Santo Domingo
53%
St. Louis
53%
Edmonton
52%
Luanda
52%
Charlotte
51%
Monterrey
51%
Durban
50%
Luxembourg
50%
Medellin
50%
Tirana
50%
Xiamen
50%
Colombo
49%
Pittsburgh
49%
Shenzhen
49%
Yangon
49%
Chongqing
48%
Ljubljana
48%
Manama
48%
Columbus
46%
Ahmedabad
45%
Asuncion
44%
Gothenburg
44%
Kansas City
44%
Dresden
43%
Malmo
43%
Managua
43%
Nanjing
43%
Abidjan
41%
San Salvador
41%
Skopje
41%
Hangzhou
40%
Pune
40%
Tbilisi
40%
San Juan
39%
Tegucigalpa
39%
Cincinnati
38%
Bilbao
37%
Dar es Salaam
37%
Nicosia
37%
Gamma +Guayaquil
36%
Leipzig
36%
Bristol
35%
Kampala
34%
Raleigh
34%
Harare
32%
Lusaka
32%
Maputo
32%
Shenyang
32%
Strasbourg
31%
Nurnberg
30%
Qingdao
30%
Georgetown
28%
Dalian
27%
Changsha
25%
Bologna
22%
Lausanne
20%
Wroclaw
20%
Douala
19%
Gaborone
19%
Suzhou
19%
Beta -Port Louis
14%
Al Mawsil
11%
Gamma -Taichung
11%

Score Distribution

Percentile by Number Answered

Percent of People with Each Score

Your Score History

You have not taken this quiz since the last reset